00980nam a22002537a 4500003000500000008004100005020002200046040000800068041001300076082001300089100001700102245003400119260002700153300002100180336002700201337003300228338002900261650002000290942001800310952012700328952012700455952012700582999001700709BPGM260410m mx gr|||| 001 f spa d a978-970-07-4975-4 bspa aspahSPA04a843bV47 aVERNE, JULIO aUN CAPITÁN DE QUINCE AÑOS aMEXICObPORRÚAc2013 a286c13.7 X 21.8 2rdacontentatextobtxt 2rdamediaasin mediaciónbn 2rdacarrieravolumen bnc v843x800y40z3 2ddccCONSULTA 00102ddc40728GENERALaBPCEFCbBPCEFCd2026-04-10l0o843 / V47 / C28r2026-04-10 18:55:16tEJ. 1w2026-04-10yCONSULTA 00102ddc40708GENERALaBPCEFCbBPCEFCd2026-04-10l0o843 / V47 / C28r2026-04-10 18:55:16tEJ. 2w2026-04-10yCONSULTA 00102ddc40708GENERALaBPCEFCbBPCEFCd2026-04-10l0o843 / V47 / C28r2026-04-10 18:55:16tEJ. 3w2026-04-10yCONSULTA c68565d68565